Statistics for U.S. Cities By Famous Street

Click here to take the quiz!

General Stats

  • This quiz has been taken 43 times
  • The average score is 8 of 15

Answer Stats

StreetCity% Correct
Wall StreetNew York City
100%
Bourbon StreetNew Orleans
97%
Sunset BoulevardLos Angeles
92%
Peachtree StreetAtlanta
79%
Lombard StreetSan Francisco
74%
Ocean DriveMiami
68%
Lake Shore DriveChicago
66%
Beale StreetMemphis
58%
Alaskan WaySeattle
55%
Acorn StreetBoston
32%
Fremont StreetLas Vegas
32%
16th Street MallDenver
21%
6th StreetAustin
18%
Broadway (Country)Nashville
18%
King StreetCharleston
0%

Score Distribution

Percentile by Number Answered

Percent of People with Each Score

Your Score History

You have not taken this quiz